湖滨散记 (Record no. 46847)

000 -LEADER
fixed length control field 00509nam a22002057a 4500
003 - CONTROL NUMBER IDENTIFIER
control field MPLRDC
005 - DATE AND TIME OF LATEST TRANSACTION
control field 20220104144140.0
008 - FIXED-LENGTH DATA ELEMENTS--GENERAL INFORMATION
fixed length control field 210129b ||||| |||| 00| 0 eng d
020 ## - INTERNATIONAL STANDARD BOOK NUMBER
International Standard Book Number 957-811-279-3
082 ## - DEWEY DECIMAL CLASSIFICATION NUMBER
Classification number 874.6 THO c.3
100 ## - MAIN ENTRY--PERSONAL NAME
Personal name HENRY DAVID THOREAU
245 ## - TITLE STATEMENT
Title 湖滨散记
Statement of responsibility, etc. 陈柏苍译
250 ## - EDITION STATEMENT
Edition statement 初版
260 ## - PUBLICATION, DISTRIBUTION, ETC.
Place of publication, distribution, etc.
Name of publisher, distributor, etc. 高宝国际集团
Date of publication, distribution, etc. 1998
300 ## - PHYSICAL DESCRIPTION
Other physical details
490 ## - SERIES STATEMENT
Series statement 文学新象系列. 001
520 ## - SUMMARY, ETC.
Summary, etc. 874.7 sl
650 ## - SUBJECT ADDED ENTRY--TOPICAL TERM
Topical term or geographic name entry element 美国文学
942 ## - ADDED ENTRY ELEMENTS (KOHA)
Koha item type Book
-- 874.6 THO c.3
Holdings
Withdrawn status Lost status Source of classification or shelving scheme Damaged status Not for loan Collection code Home library Current library Shelving location Date acquired Cost, normal purchase price Total Checkouts Total Renewals Full call number Barcode Date last seen Date last checked out Price effective from Koha item type Public note
            Malaysian Public Library, Research and Development Centre Malaysian Public Library, Research and Development Centre   10/12/2007 21.00   2 874.6 THO c.3 00047006 18/03/2021 20/01/2013 18/03/2021 Book mplrdc

© 2022. Malaysian Public Library, Research and Development Centre. All Right ReservedE-mailmplrdc@help.edu.my 

Powered by Koha